| 000 | 00632nam a2200205 a 4500 | ||
|---|---|---|---|
| 005 | 20210223120832.0 | ||
| 008 | 991125s1994 mx 000 0 spa u | ||
| 020 | _a9686177620 | ||
| 035 | _aUPN01000008123 | ||
| 049 | _aCG | ||
| 050 | 4 |
_aQD22 P35 _bCH3.2 |
|
| 100 | 1 |
_aChamizo Guerrero, José Antonio _931323 |
|
| 245 | 1 | 3 |
_aEl científico de sonrisa contagiosa : _bLinus Pauling / _cJosé Antonio Chamizo. |
| 260 |
_aMéxico : _bCNCA : _bPangea, _c1994. |
||
| 300 | _a101 p. | ||
| 440 | 0 | _aViajeros del conocimiento | |
| 600 | 1 | 4 |
_aPAULING, LINUS CARL, _d1901-1994 _910494 |
| 650 | 4 |
_aQUIMICOS - _vBIOGRAFIA _910488 |
|
| 905 | _aLibro | ||
| 999 |
_c8123 _d8123 |
||